<?xml version="1.0" encoding="UTF-8"?>
<record
    xmlns:xsi="http://www.w3.org/2001/XMLSchema-instance"
    xsi:schemaLocation="http://www.loc.gov/MARC21/slim http://www.loc.gov/standards/marcxml/schema/MARC21slim.xsd"
    xmlns="http://www.loc.gov/MARC21/slim">

  <leader>03211nam a2200253 i 4500</leader>
  <controlfield tag="003">CO-MdUADB</controlfield>
  <controlfield tag="005">20260213224156.0</controlfield>
  <controlfield tag="007">cr unu|||||a|a</controlfield>
  <controlfield tag="008">240614s2023    ck |||||om||| 00| 0 spa d</controlfield>
  <datafield tag="040" ind1=" " ind2=" ">
    <subfield code="a">CO-MdUADB</subfield>
    <subfield code="b">spa</subfield>
    <subfield code="c">CO-MdUADB</subfield>
    <subfield code="e">rda</subfield>
  </datafield>
  <datafield tag="100" ind1=" " ind2=" ">
    <subfield code="9">864351</subfield>
    <subfield code="a">Mendoza Bonilla, Lissa Milena</subfield>
    <subfield code="e">aut</subfield>
  </datafield>
  <datafield tag="245" ind1="1" ind2=" ">
    <subfield code="a">Desaf&#xED;os de la cualificaci&#xF3;n profesional del Auditor Independiente en Colombia : una perspectiva comparada con otros pa&#xED;ses</subfield>
  </datafield>
  <datafield tag="264" ind1=" " ind2=" ">
    <subfield code="a">Medell&#xED;n:</subfield>
    <subfield code="b">Autores,</subfield>
    <subfield code="c">2023</subfield>
  </datafield>
  <datafield tag="300" ind1=" " ind2=" ">
    <subfield code="a">Recurso en L&#xED;nea (40 p&#xE1;ginas)</subfield>
    <subfield code="b">Archivo de texto PDF</subfield>
  </datafield>
  <datafield tag="336" ind1=" " ind2=" ">
    <subfield code="2">rdacontent</subfield>
    <subfield code="a">texto</subfield>
    <subfield code="b">txt</subfield>
  </datafield>
  <datafield tag="337" ind1=" " ind2=" ">
    <subfield code="a">computadora</subfield>
  </datafield>
  <datafield tag="338" ind1=" " ind2=" ">
    <subfield code="a">recurso en l&#xED;nea</subfield>
  </datafield>
  <datafield tag="502" ind1=" " ind2=" ">
    <subfield code="b">68</subfield>
    <subfield code="c">9</subfield>
  </datafield>
  <datafield tag="520" ind1="3" ind2=" ">
    <subfield code="a">RESUMEN: Este art&#xED;culo se centra en la cualificaci&#xF3;n profesional del revisor fiscal, en adelante denominado auditor independiente en Colombia; esto debido a que no se encuentran lineamientos claros que permitan identificar, medir, y calificar las aptitudes y actitudes del profesional de esta &#xE1;rea. Por lo anterior, es importante que exista un perfil espec&#xED;fico y una serie de requisitos exigibles a la hora de ejercer en este rol. Es as&#xED;, como en este art&#xED;culo se evaluaron los mecanismos y variables consideradas en otros pa&#xED;ses, para enfocar el an&#xE1;lisis a Colombia en el ejercicio de la auditor&#xED;a independiente, adem&#xE1;s se entrevistaron personas expertas que se desenvuelven en el &#xE1;rea sobre su percepci&#xF3;n de este rol en el pa&#xED;s, y la forma en c&#xF3;mo al interior de las organizaciones funciona la prestaci&#xF3;n de este servicio y como se responde a las necesidades que hoy en d&#xED;a exige el gremio empresarial, en t&#xE9;rminos de cualificaci&#xF3;n, juicio profesional, &#xE9;tica e independencia. Es necesario destacar que con la llegada de la globalizaci&#xF3;n se puede visualizar como todo tiene un tiempo de caducidad o evoluci&#xF3;n y todo esto tiene que ver con la transformaci&#xF3;n de los mercados los cuales est&#xE1;n en un punto que, aunque quieran o no, deben integrarse entre s&#xED; en forma directa o indirecta. Este fen&#xF3;meno de la globalizaci&#xF3;n impacta adem&#xE1;s el &#xE1;mbito profesional, afectando la formaci&#xF3;n acad&#xE9;mica de los profesionales de manera positiva, debido a que obliga al ser pensante a estar en constante proceso de actualizaci&#xF3;n, buscando siempre la manera de que pueda estar a la vanguardia de lo que acarrea y trae incorporado el uso de las tecnolog&#xED;as de la informaci&#xF3;n y la comunicaci&#xF3;n a nivel mundial. Es importante mencionar que, si se lleva lo anterior a un &#xE1;mbito m&#xE1;s cerrado enfoc&#xE1;ndose en la labor del auditor independiente, se evidencia un mayor nivel de exigencia por parte de los grupos de inter&#xE9;s, los cuales requieren de profesionales cada vez mejor cualificados y calificados. exigiendo as&#xED;, una adecuada y oportuna respuesta por parte de los profesionales. con el fin de ejercer de forma m&#xE1;s acertada las actividades concernientes a su rol competitivo.</subfield>
  </datafield>
  <datafield tag="700" ind1=" " ind2=" ">
    <subfield code="9">864352</subfield>
    <subfield code="a">Rivera Ram&#xED;rez, Daniel</subfield>
    <subfield code="e">aut</subfield>
  </datafield>
  <datafield tag="700" ind1="1" ind2=" ">
    <subfield code="a">Guevara Sanabria, Jaime Alberto</subfield>
    <subfield code="e">ths</subfield>
    <subfield code="9">429855</subfield>
  </datafield>
  <datafield tag="856" ind1="4" ind2=" ">
    <subfield code="u">https://bibliotecadigital.udea.edu.co/handle/10495/37142</subfield>
    <subfield code="z">CONSULTE TEXTO COMPLETO EN EL REPOSITORIO INSTITUCIONAL UNIVERSIDAD DE ANTIOQUIA </subfield>
  </datafield>
  <datafield tag="942" ind1=" " ind2=" ">
    <subfield code="2">FAC</subfield>
    <subfield code="c">TESIS</subfield>
  </datafield>
  <datafield tag="999" ind1=" " ind2=" ">
    <subfield code="c">858086</subfield>
    <subfield code="d">858086</subfield>
  </datafield>
</record>
